000 00693nam a22001577a 4500
003 OSt
005 20151222163258.0
008 151222b xxu||||| |||| 00| 0 eng d
040 _cRUA
082 _aAED KHO 2012 B262 Or.1
100 _95378
_aKHOV, KIMCHHE.
245 _aThe study on cassava household's livelihood in romeashaek district svayrieng province, ការសិក្សាអំពីកម្រិតជីវភាពប្រជាកសិករដាំដំណាំដំឡូងមីក្នុងស្រុករមាសហែក ខេត្តស្វាយរៀង
260 _aPhnom Penh
_bRUA
_c2012
300 _aix; 42p.
_bill.
_c29cm.
942 _2ddc
_cAED
999 _c5013
_d5013